Statistics for JToH Ring 3

Click here to take the quiz!

General Stats

  • This quiz has been taken 8 times
  • The average score is 10 of 12

Answer Stats

AcronymTowerDifficulty% Correct
ToDTower of DespairChallenging
100%
ToFTower of FatnessHard
100%
ToFTTower of Funny ThoughtsEasy
100%
ToLDTower of Lotsa DamageDifficult
100%
ToWHTower of Wall HuggingDifficult
100%
ToWERTower of Winning Every RunHard
100%
ToATTower of Ancient TrickeryMedium
80%
ToCTower of ConfusionInsane
80%
ToDSTower of Deep SighingMedium
80%
ToICTower of Inverted ColorsMedium
80%
CoHaDCitadel of Heights and DepthsChallenging
60%
ToSITower of Slight InconvenienceHard
60%

Score Distribution

Percentile by Number Answered

Percent of People with Each Score

Your Score History

You have not taken this quiz